| 000 | 00713nam a2200265Ia 4500 | ||
|---|---|---|---|
| 999 |
_c3140 _d3140 |
||
| 001 | 369093 | ||
| 003 | EC-QuCCB | ||
| 007 | ta | ||
| 008 | 130917s1999 sp jr 000 0 spa d | ||
| 020 | _a8433106988 | ||
| 040 | _aEC-QuCCB | ||
| 041 | 1 | _aspa | |
| 082 | 0 |
_a790.192 2 _bA773 |
|
| 100 | 1 |
_aArranz, Juan Diego, _937047 |
|
| 245 | 1 | 0 |
_aJuegos al aire libre : _beducación infantil y primaria _cJuan Diego Arranz |
| 260 |
_aMadrid, España : _bEditorial Escuela Española, _c1999 |
||
| 300 | _a85 páginas | ||
| 336 |
_atexto _btxt |
||
| 337 |
_ano mediado _bn |
||
| 338 |
_avolumen _bnc |
||
| 590 | _almg | ||
| 650 | 4 |
_aJuegos al aire libre _913688 |
|
| 650 | 4 |
_aJuegos infantiles _913697 |
|
| 942 |
_2ddc _cBK |
||